| 000 | 00413nam a22001217a 4500 | ||
|---|---|---|---|
| 008 | 230704b xxu||||| |||| 00| 0 eng d | ||
| 082 |
_a342 _bCKRC |
||
| 110 | _bConstitution of Kenya Review Commission | ||
| 245 |
_aReport of the Constitution of Kenya Review Commission _bVolume 5 _cTechnical Appendices _hPart one |
||
| 260 |
_bConstitution of Kenya Review Commission _cApril 2003 |
||
| 300 | _a346p | ||
| 942 |
_2ddc _cBK |
||
| 999 |
_c3743 _d3743 |
||